00981nam a2200229 a 450000100100000000500170001000800410002704000250006808200150009310000390010824500960014726000690024330000360031249000490034849000300039750000630042770000380049083000560052883000370058495201130062199900170073400003798220201002031139.0130311s1999 dr ac r 000 0 spa d aDO-SdBNPbspacBNPHU axxxxbxxxx1 aJiménez, José Francisco91134310aOficio de la voz y la actuación /cJosé Francisco Jiménes; prólogo Juan Luis Bello. aSanto Domingo :bUniversidad Autónoma de Santo Domingo,c1999. a192 p. :bil., retrs. ;c21 cm.1 aUniversidad Autónoma de Santo Domingov9471 aLiteratura y Sociedadv33 aIncluye datos biográficos del autor en la contracubierta1 aBello, Juan Luis,epról.964390 0aUniversidad Autónoma de Santo Domingov947917164 0aLiteratura y Sociedadn33964391 0010718PDaPDbPDcHDd2013-03-11iLF1l0oxxxx xxxxp37982-10r2020-06-25w2020-06-25yLFPDZNo se presta c37472d37472